[Event "World Women-ch"]
[Site "Chongqing/Shanghai"]
[Date "2018.05.09"]
[Round "5"]
[White "Tan, Zhongyi"]
[Black "Ju, Wenjun"]
[Result "0-1"]
[WhiteElo "2522"]
[BlackElo "2571"]
[Annotator "Mekhitarian,K"]
[PlyCount "70"]
[EventDate "2018.05.03"]
[EventType "match"]
[EventRounds "10"]
[EventCountry "CHN"]
[SourceTitle "CBM 185"]
[Source "ChessBase"]
[SourceDate "2018.07.13"]
[SourceVersion "1"]
[SourceVersionDate "2018.07.13"]
[SourceQuality "1"]

1. e4 e5 2. Bc4 {This is the first classical game in which Tan Zhongyi has
tried the Bishop's Opening, avoiding main lines. At this stage, Ju was leading
the match 2.5 - 1.5 after 4 games.} Nf6 3. d3 c6 {The most recommended move -
Black tries to build a nice centre with ...c6 and ...d5, enjoying the
advantage of not having developed the knight to c6 yet.} 4. Nf3 d5 5. Bb3 a5 (
5... Bb4+ {A common move here, as Ju played later - Black wants to provoke the
c2-c3 move, so White can not play Nc3 anymore.} 6. Bd2 (6. c3 Bd6 7. O-O O-O {
is similar to the game}) 6... Bxd2+ 7. Nbxd2 a5 8. c3 Nbd7 9. exd5 cxd5 10. O-O
$11 {was seen 20 days later between the world champion and the title
challenger: 1-0 (77) Carlsen,M (2843)-Caruana,F (2822) Stavanger 2018}) 6. a4
Bb4+ 7. c3 (7. Bd2 $5 {would be similar to the Carlsen - Caruana game
mentioned above.}) 7... Bd6 8. O-O (8. exd5 {would be more ambitious, avoiding
8...dxe4.} cxd5 9. Bg5 {[%csl Rd5] trying to attack on d5 right away.} (9. Na3
Nc6 (9... h6 $5 {as mentioned in the 10th move analysis of the present game})
10. Nb5 Bb8 11. Bg5 Be6 12. O-O h6 13. Bh4 O-O 14. Re1 g5 15. Bg3 Bg4 16. Qd2
$3 {a nice concept, White ruins his pawn structure, but in exchange for that,
Black's position becomes even more shaky} Bxf3 17. gxf3 Qd7 18. Kg2 Qf5 19. h4
(19. d4 $5 $16) 19... Ne7 20. hxg5 hxg5 21. Rh1 Ng6 22. Rae1 $36 {0-1 (61)
Onischuk,V (2608)-Motylev,A (2665) Minsk 2017}) 9... Be6 10. Na3 {with a
complex middlegame position, similar to the game.}) 8... O-O $1 {Ju Wenjun
wants a fight and doesn't go for the solid choice. She provokes once again her
opponent to play 9.exd5, which happens now.} (8... dxe4 {would be the safest
choice, forcing a very symmetrical position.} 9. dxe4 (9. Ng5 {wouldn't change
much} O-O 10. Nxe4 Nxe4 11. dxe4 Na6 $11 {when Black feels slightly happier
already.}) 9... O-O $11) 9. exd5 {The standard reaction - the e5-d5 black
pawns can almost be called 'hanging pawns' (which they aren't for real,
because Black has a pawn on f7 to support them later).} (9. Re1 dxe4 $1 {
and Black has no problems at all, without having to deal with the slightly
vulnerable central pawns.} 10. dxe4 Na6 $1 {[%cal Ra6c5]} 11. Bc2 Nc5 12. Na3
Qe7 13. Nc4 Bc7 14. b3 Rd8 15. Qe2 b6 16. Ba3 Ba6 $11 {½-½ (21) Zvjaginsev,V
(2661)-Petrosyan,M (2546) Minsk 2017, with an equal position.}) 9... cxd5 10.
Na3 (10. Bg5 {seemed more principled.} Be6 11. Na3 Nbd7 12. Nb5 Bb8 13. Re1 Ra6
(13... h6 14. Bh4 Re8 15. d4 {This typical move happened in the game} e4 16.
Nd2 Ra6 17. c4 $1 $36 {1-0 (24) Lu,S (2640)-Liu,G (2459) Xinghua 2018, Not
allowing Black to keep the position stable.}) 14. d4 e4 15. Nd2 h6 16. Bh4 g5
$6 (16... Bf4 $1 $13) 17. Bg3 Ng4 18. c4 $1 $16 {1-0 (36) Patel,A (2410)-Yu,J 
(2279) Irving 2017}) 10... Nbd7 (10... h6 $5 {[%csl Rc1] looked interesting}
11. Nb5 Nc6 12. Nxd6 Qxd6 $11 {White gets the bishop pair, but Black's pieces
are so well placed, that he is the one fighting for the advantage here.}) 11.
Re1 (11. Bg5 $5 {as mentioned above already} h6 12. Bh4 Bb8 13. Nb5 Re8 {
[%cal Rd7c5,Ra8a6,Re5e4] Black intends to play e4 at some point, with the
addition of ...Ra6 and ...Nc5 eventually} 14. Re1 {with a very complex
middlegame position}) 11... h6 $1 12. Nb5 Bb8 13. d4 $2 {After this move,
White is able to create a potential weakness on d5, but at the cost of giving
a lot of space and freedom for Black in the centre towards the kingside. All
in all, it's not a good move.} (13. Be3 {White had to continue developing
without defining the centre.} Re8 14. h3 Ra6 {with chances for both sides.})
13... e4 14. Nd2 Nb6 $1 {This inhibits c4, and also opens up the idea to play .
..Bg4 at some point.} 15. f3 $6 (15. Nf1 {was the better way to play this. In
any case, Black already has a very active position, with more space and very
nice pieces.} Ra6 $5 $40 {At some point this rook will swing over to the
kingside. Possibly after the c8-bishop moves, and Black plays ...Nc8 (or ...
Nc4)}) 15... Re8 16. Bc2 (16. fxe4 $2 Bg4 $1 17. Qc2 Bf5 $1 $17 {[%cal Re8e1,
Rb8h2] followed by ...Ne4, with a huge advantage.}) 16... Bd7 17. Rb1 (17. fxe4
$2 {doesn't work again} Bg4 $1 18. Nf3 dxe4 19. h3 Bxf3 20. gxf3 Qd7 $19) 17...
exf3 $6 {Black is still better, but this helps White untangle a little bit.} (
17... Ra6 $1 $17 {[%cal Rb6c8,Rc8d6] with the same idea mentioned above. Since
Black has a bishop on b8, the rook normally should find a different route to
activate. Meanwhile, White can not take on e4 and is lacking useful moves.
After a long time analysing, the computer even says this is already winning
for Black, a shocking statement!}) 18. Nxf3 Ne4 19. Ne5 $5 {Trying to
sacrifice a pawn to decrease the pressure against the weakened king on g1.
White also obtains the 'pure' bishop pair (BB vs NN)} Bxe5 20. dxe5 Bxb5 (20...
Rxe5 $6 21. Bf4 $1 $44 {[%cal Gf4c7]}) 21. axb5 Rxe5 22. Be3 $6 (22. Qd4 $1 Re6
23. b3 {would be a better way of trying to justify the sacrifice. The knight
on b6 does not have good squares, and White will have two options to defend on
c3: with Bb2 or playing c4 to loosen the e4-knight.} Rc8 (23... Qf6 24. Qxf6
Nxf6 25. Be3 Rae8 26. Bf2 $44 {with decent chances to defend this endgame a
pawn down}) 24. c4 $1 $36 {looks very tempting!}) 22... Re6 23. Bd4 Nc4 $1 24.
Bd3 Qg5 25. b3 Ncd6 26. Rb2 Rae8 {With a few precise moves, Black is simply
winning - a pawn up and better position. White's bishop pair wasn't able to
achieve its full potential.} 27. Rbe2 Nf5 $19 28. Bc2 Nh4 29. Qd3 Ng6 (29... f5
{[%csl Re1][%cal Rg5g2,Re4f2,Re6e1] closing the b1-h7 diagonal and threatening
a very nice ...Nf2 tactical shot} 30. g3 Qg4 $19) (29... Nf2 $4 30. Qh7+ Kf8
31. Bc5+ {followed by Qh8#}) 30. Be3 Qh5 31. c4 $2 {The final mistake.} (31.
Qd4 {would be the last try.}) 31... Ne5 32. Qd4 Rg6 {[%cal Re5f3] Now the
attack is devastating.} 33. Bxe4 dxe4 34. Kf1 (34. Qxe4 Nf3+ $19 {winning the
queen.}) 34... Nf3 35. Qd7 Nxh2+ {And White resigned in view of the checkmate
coming in a few moves. With this result, Ju opened up a 2-point advantage in
the 2018 World Championship Match, a nice margin after only 5 games!} 0-1

[Event "Norway Chess 6th"]
[Site "Stavanger"]
[Date "2018.05.28"]
[Round "1"]
[White "Carlsen, Magnus"]
[Black "Caruana, Fabiano"]
[Result "1-0"]
[WhiteElo "2843"]
[BlackElo "2822"]
[Annotator "Mekhitarian,K"]
[PlyCount "153"]
[EventDate "2018.05.28"]
[EventType "tourn"]
[EventRounds "9"]
[EventCountry "NOR"]
[EventCategory "22"]
[SourceTitle "CBM 185"]
[Source "ChessBase"]
[SourceDate "2018.07.13"]
[SourceVersion "1"]
[SourceVersionDate "2018.07.13"]
[SourceQuality "1"]

1. e4 e5 2. Bc4 {The Bishop's Opening, played five times by Magnus Carlsen in
classical games. It fits his style, since a positional battle begins, and
there is not much theory. In 2014, the very same Fabiano Caruana with Black
beat Carlsen in the Sinquefield Cup.} Nf6 3. d3 c6 4. Nf3 (4. Qe2 Be7 (4... d5
$1 $36 {is the best way to deal with Qe2}) 5. Nf3 d6 6. c3 Nbd7 7. Bb3 O-O 8.
O-O a5 9. d4 a4 10. Bc2 Re8 11. Re1 Bf8 12. Qd1 b5 $17 {with a balanced
middlegame, the reigning world champion scored a win over world's number 1
woman, Hou Yifan. 1-0 (61) Carlsen,M (2843)-Hou,Y (2654) Karlsruhe/Baden-Baden
2018}) 4... d5 5. Bb3 Bb4+ $1 {The main move here. Black provokes the c2-c3
advance, so White loses the option to play Nc3 at a later stage. Carlsen
played 6.c3 in the aforementioned game.} 6. Bd2 {This is another way to play
it.} (6. c3 {happened in the aforementioned game, between these two players
back in 2014.} Bd6 7. Bg5 dxe4 8. dxe4 h6 9. Bh4 Qe7 10. Nbd2 Nbd7 11. Bg3 Bc7
12. O-O Nh5 13. h3 $6 Nxg3 14. fxg3 Nc5 15. Bxf7+ {Black was able to stop this
pseudo-initiative and converted the game on move 34} Kxf7 16. Nxe5+ Kg8 17. Ng6
Qg5 18. Rf8+ Kh7 19. Nxh8 Bg4 20. Qf1 Nd3 21. Qxd3 Rxf8 22. hxg4 Qxg4 $17 {
Carlsen,M (2877)-Caruana,F (2801) Sinquefield Cup 2nd 2014 (3) 0-1}) 6... Bxd2+
7. Nbxd2 a5 {Threatening the old and good bishop trap with ...a4. I only found
one high-level reference in classical games here, where White played 8.a3.} 8.
c3 (8. a3 a4 9. Ba2 Nbd7 10. O-O O-O 11. Re1 Re8 12. d4 {Trying to start
central play did not lead to any advantage for White:} exd4 13. exd5 Rxe1+ 14.
Qxe1 cxd5 {Black has the isolated pawn, but has well placed pieces (...Nf8-e6
is a possible plan) and a b2-pawn to attack with ...Qb6} 15. Nb1 $2 {too slow}
(15. Nxd4 {was possible} Qb6 16. Nf5 Qxb2 17. Ne7+ Kf8 18. Nxd5 Nxd5 19. Bxd5
Qd4 $11 {followed by ...Nf6}) 15... d3 $6 (15... Nb8 $1 16. Nxd4 Nc6 $17 {
would give a nice advantage for Black}) 16. cxd3 Nc5 17. d4 Nce4 18. Nc3 Be6
$11 {½-½ (27) Shirov,A (2713)-Rodshtein,M (2641) Rogaska Slatina 2011}) 8...
Nbd7 9. exd5 {A typical reaction, when Back develops his knight to d7. It is
logical, because now Black can not play ...Nc6 anymore, an ideal move whenever
the c6-pawn goes to d5.} cxd5 {[%csl Rd7][%cal Rb8c6]} 10. O-O O-O 11. Re1 Re8
12. Nf1 b5 13. a4 $5 b4 14. cxb4 axb4 {We have already reached a very
imbalaced position, starting from a very modest opening.} 15. Ne3 Bb7 16. d4 $1
{A very nice concept from the World Champion, as we shall see:} e4 17. Ne5 Nxe5
(17... Rxe5 $5 {was playable, but it hardly looks like Black is already in
need to give away an exchange.} 18. dxe5 Nxe5 19. Qd4 Nc6 20. Qd2 d4 21. Nf5
Ra5 $1 22. Ng3 Re5 $44 {With a very original position. It looks very shaky for
Black, but the central pawns are strong, giving good compensation.}) 18. dxe5
Rxe5 19. Qd4 Re7 20. Rac1 $1 {Getting the pawn back with 20.Qxb4 was possible,
but the whole concept of sacrificing a pawn in a seemingly normal position
just goes to show how brilliant Carlsen is sometimes.} (20. Qxb4 Bc6 {[%cal
Re7b7] The main downside for taking the pawn is the bishop on b3 that becomes
loose now. Ideally, you want to place your minor pieces in a way they can't be
attacked easily.} 21. Qd4 Rb7 22. Rec1 {We have a similar position compared to
the game, but here Black is in full control of the b-file and should equalise:}
Qb6 23. Qxb6 Rxb6 24. a5 Rxb3 25. Rxc6 Rxb2 26. Rd6 $11 {Black is a pawn up,
but he will soon lose it, when the endgame will be simply equal.}) 20... Rd7
21. Red1 (21. Qxb4 $2 {doesn't make sense now:} d4 $17) 21... h6 22. Rc5 $44 {
I feel that here White wants to make small improvements, like Rdc1 and h3, and
only then think about taking any decisive action. The d5-pawn is weak, and
Black always has to count on the a4-pawn advancing at some point.} Ra5 23. Rxa5
(23. Rdc1 $5 {would be similar}) 23... Qxa5 24. h3 Kh7 25. Rc1 Rc7 $2 {In the
post-mortem, Caruana mentioned that he simply misevaluated the following
position, thinking he would have good activity with his queen, but soon he
realised it was a bad idea. Now White is in full control.} (25... Qa6 $1 {
would be a smart move, anticipating White's Rc5 followed by a5, with ...Qe2!}
26. Rc5 Qe2 $132) 26. Rxc7 Qxc7 27. Qxb4 $16 Qc1+ 28. Bd1 Ba6 29. Qd4 {We have
the same position as before, without the b4-pawn. Now, compared with the
middlegame, it is way more valuable to take the pawn back and start advancing
the passed a and b-pawns, since they are free and very frightening! Also,
there are no rooks to create direct counterplay against them.} Be2 30. Kh2 Bxd1
$6 (30... Qc7+ $1 {forcing White to weaken a little bit} 31. g3 (31. Kg1 Qc1 {
repeats the position.}) 31... Bxd1 32. Nxd1 h5 {Being able to play ...h4 at
some point and create threats against your opponent's king is usually good.
Here it could have been a nice way to look for counterplay.} 33. Kg1 Qc1 $36 {
with ...e3 ideas.}) 31. Nxd1 Qc7+ 32. Kg1 $1 {Now there is no need to play g3,
like in the 30...Qc7+ line.} Qc1 33. b4 e3 {The same idea I mentioned earlier,
but the big difference is that with the pawn on g2, White's king is much safer.
} 34. fxe3 $18 {White is winning. With flawless technique, Carlsen converts
the full point:} Ne4 35. Qxd5 Nd2 36. Qf5+ Kh8 37. Qg4 f5 38. Qe2 Ne4 39. Qe1
Qa1 40. a5 Nd6 41. Qd2 {Slowly untangling the position. That is common when
you have a lot of additional material but your opponent is active. You have to
find space for small improvements and soon the position will play itself.} Nc4
42. Qd4 Qc1 43. Kf1 {Trying to bring the king closer so White can advance his
pawns further.} Nxe3+ {Caruana goes for the queen endgame, that should also be
hopeless, but the position is very bad anyway.} 44. Qxe3 Qxd1+ 45. Kf2 Qc2+ 46.
Kg3 g5 {Black does not want to weaken his king, but he's lost otherwise, so he
has to try something like this.} 47. Qe5+ Kh7 48. Kh2 $1 {King safety always
in first place in queen endgames!} f4 49. Qd5 Qa4 50. Qf7+ Kh8 51. Qg6 $1 {
Simplifying into a clear win:} Qxb4 52. Qxh6+ Kg8 53. Qxg5+ Kh7 54. Qh5+ Kg7
55. Qg5+ Kh7 56. h4 Qd6 57. Qh5+ Kg7 58. Qg5+ Kh7 59. h5 {Somewhat
cold-blooded to allow ...f3+, but it's all good for White. The good thing is
that Qg6+ is a very strong threat now.} f3+ 60. g3 f2 61. Qg6+ Kh8 (61... Qxg6
62. hxg6+ Kxg6 63. Kg2 $18 {and the game ends immediately.}) 62. Qxd6 f1=Q 63.
Qh6+ Kg8 64. Qe6+ (64. Qg6+ Kh8 65. h6 $4 {would be a way to mess up the
position!} Qg2+ $1 {forcing stalemate} 66. Kxg2 $11) 64... Kh8 65. Qe3 {
With three pawns up, White has to be just a little bit careful.} Qb5 66. Qc3+ {
Finding a good square for the queen.} Kh7 67. g4 Qd5 68. Qc7+ Kg8 69. Kg3 {
[%cal Gc7g3]} Qe6 (69... Qd3+ 70. Kh4 $18 {and Black has no more checks
already.}) 70. Qd8+ Kh7 71. Qd3+ Kh8 72. a6 Qe5+ 73. Kh3 Qa1 74. Qd8+ Kh7 75.
Qe7+ Kh6 76. Qe3+ Kh7 77. a7 {It is nice to see that Carlsen used the same
technique always - defending the pawn from the diagonal (a5, Qc3 - a6, Qd3 -
a7, Qe3). Now Black resigned, since it's impossible to avoid White giving a
check somewhere and then queening that pawn. A superb win from the World
Champion!} 1-0

[Event "Dortmund Sparkassen GM"]
[Site "Dortmund"]
[Date "1998.??.??"]
[Round "?"]
[White "Mainka, Romuald"]
[Black "Mikhalchishin, Adrian"]
[Result "0-1"]
[WhiteElo "2500"]
[BlackElo "2530"]
[Annotator "Mikhalchishin,A"]
[PlyCount "76"]
[EventDate "1998.06.??"]
[EventType "tourn"]
[EventRounds "9"]
[EventCountry "GER"]
[EventCategory "6"]
[SourceTitle "EXT 1999"]
[Source "ChessBase"]
[SourceDate "1998.11.16"]
[SourceVersion "1"]
[SourceVersionDate "1998.11.16"]
[SourceQuality "1"]

1. e4 e5 2. Bc4 Nf6 3. d3 c6 4. Nf3 Be7 $1 5. O-O Qc7 (5... d6 $5) 6. Bb3 O-O
7. Re1 d6 (7... Na6 8. d4 $1 d6 9. c3 $16) 8. c3 Nbd7 (8... b5 $5 9. Nbd2 a5
$13) 9. d4 (9. Nbd2 Nc5 10. Bc2 Re8 11. d4 Ne6 12. Nf1 $14) 9... b5 10. Nbd2 a5
$1 11. Nf1 (11. a4 bxa4 $5 12. Bxa4 Nb6 13. Bc2 Bd7 {/\ aB~~}) 11... a4 12. Bc2
Re8 (12... Bb7 $5 13. Ng3 g6 {/\ c5}) 13. Ng3 Nb6 14. h3 (14. Nf5 Bxf5 15. exf5
Bf8 16. Bg5 Nbd5 {<=>}) 14... g6 (14... Nc4 $5 $13) 15. Bd3 Bd7 (15... Bf8 16.
Bg5 Bg7 $11) 16. Bg5 a3 (16... c5 17. Bf1 c4 18. a3 $14) 17. b3 c5 18. Bf1 c4 (
18... b4 19. dxe5 dxe5 20. Rc1 Qb8 21. Qd2 {/\ Bf6,xb4}) 19. b4 Kg7 {/\ Ng8=}
20. Be3 Bf8 21. Qd2 Kg8 (21... Ng8 $5) 22. Rad1 Bg7 23. Bg5 Qb7 $1 (23... Bc6
$2 24. dxe5 dxe5 25. Qd6 $16) 24. d5 Na4 25. Rc1 Kh8 $1 {/\ Ng8} 26. Be3 Re7 $1
(26... Ng8 $2 27. Ng5 Re7 28. f4 $16) 27. Nh2 Ng8 28. Kh1 (28. f4 exf4 29. Bxf4
Be5 $11) 28... Rae8 (28... f5 $1 29. exf5 Bxf5 $1 30. Nxf5 gxf5 $15) 29. f4
exf4 (29... f5 $5 30. exf5 Nf6 31. fxg6 hxg6 32. fxe5 Nxd5 {<=>}) 30. Bxf4 Nf6
31. Nf3 $1 Qb6 $1 (31... Nxe4 $2 32. Nxe4 Rxe4 33. Rxe4 Rxe4 34. Ng5 Re7 35.
Bxd6 $18) 32. Be3 (32. e5 dxe5 33. Nxe5 Kg8 $1 34. d6 Re6 $13) 32... Qc7 $2 (
32... Qb8 $1 $17) 33. Bd4 $2 (33. e5 Rxe5 34. Nxe5 dxe5 $44) 33... Nxe4 34.
Bxg7+ Kxg7 35. Qd4+ Nf6 36. Rxe7 Rxe7 37. Ng5 Qb6 $1 38. Qf4 Qe3 0-1

[Event "World Women-ch k.o."]
[Site "Teheran"]
[Date "2017.02.13"]
[Round "1.9"]
[White "Bodnaruk, Anastasia"]
[Black "Hejazipour, Mitra"]
[Result "1-0"]
[WhiteElo "2463"]
[BlackElo "2325"]
[Annotator "Moradiabadi,E"]
[PlyCount "117"]
[EventDate "2017.02.11"]
[EventType "k.o."]
[EventRounds "7"]
[EventCountry "IRI"]
[SourceTitle "CBM 177"]
[Source "ChessBase"]
[SourceDate "2017.03.16"]
[SourceVersion "1"]
[SourceVersionDate "2017.03.16"]
[SourceQuality "1"]

1. e4 e5 2. Bc4 Nf6 3. d3 c6 4. Nf3 Be7 5. O-O d6 6. c3 O-O 7. Bb3 Bg4 8. h3
Bh5 9. Nbd2 Nbd7 10. Re1 Re8 11. Nf1 Bf8 12. Ng3 Bg6 13. Be3 (13. Nh4 {would
have given White a solid and long-term edge. However, when one talks about
Armageddon, who cares about 'long term'?}) 13... d5 14. Bc2 Bd6 15. Qe2 Qc7 16.
Rad1 a5 17. Nh4 Nf8 18. Nhf5 Ne6 19. Nxd6 Qxd6 20. Nf5 Qc7 (20... Bxf5 21. exf5
Nd4 $15) 21. Qf3 Rad8 22. Bb3 Bh5 23. g4 Bg6 24. Bc2 c5 25. Ba4 Rf8 26. Bc1 d4
27. c4 (27. Bb5 $1 $14 {intending to bring the bishop to c4.}) 27... Ne8 28. h4
f6 29. Qg3 Nd6 30. Kh1 Be8 31. Bxe8 Rdxe8 32. Rf1 Nf7 33. Rg1 Nf4 34. Qf3 Nd6
$2 35. Ng3 $2 {Both players are exhausted and nervous.} (35. Bxf4 $16) 35...
Nf7 36. Nf5 g6 37. Ng3 Nd8 38. Nf1 Nde6 39. Rg3 Kf7 $1 {A deep concept but
this move is horrible from practical stand point. It will take a long time for
Black to secure her king and that will cost Black valuable seconds on the
clock! Tick-tock!} 40. Nh2 Ke7 41. Nf1 Kd8 42. Re1 Rh8 {Maybe Black should
have kept moving her king toward the corner as it is faster to move the pieces
near the clock! These are serious considerations in such circumstances!} 43.
Kg1 Kc8 44. Qd1 Kb8 45. a3 h5 {Black is winning but in an armageddon game,
time is a much more factor than what is actually going on on the board.} 46. g5
fxg5 47. hxg5 h4 48. Rg4 h3 49. Kh2 Qe7 50. Ng3 Ref8 51. Rf1 Nxg5 52. f3 Nfe6
53. b4 axb4 54. axb4 cxb4 55. Bd2 Qf6 56. Qe2 Nxf3+ 57. Kh1 h2 58. Rf2 g5 59.
Rf1 {And Bodnaruk flags Mitra, advances to the next round. A bitter loss for
Mitra Hejazipour since she was the last Iranian in the cycle, nevertheless,
she should be proud of her performance and take this experience as an
opportunity for future successes. On the other hand, one must praise
Bodnaruk's resourcefulness and fighting spirit as she kept bouncing back after
each failure. It will be interesting to see how a somewhat worn out Bodnaruk
fares against a fresh Olga Girya.} 1-0